Catálogo

Epistemología general o crítica del conocimiento / (Registro nro. 30625)

Detalles MARC
000 -LEADER
fixed length control field 01385cam a2200361 i 4500
001 - CONTROL NUMBER
control field 30625
003 - CONTROL NUMBER IDENTIFIER
control field Mx-PuUPA
005 - DATE AND TIME OF LATEST TRANSACTION
control field 20250924121343.0
008 - FIXED-LENGTH DATA ELEMENTS--GENERAL INFORMATION
fixed length control field 140415s1994 sp gr 000 0 spa d
017 ## - COPYRIGHT OR LEGAL DEPOSIT NUMBER
Copyright or legal deposit number B - 9.737-1997
020 ## - INTERNATIONAL STANDARD BOOK NUMBER
International Standard Book Number 8425401259
040 ## - CATALOGING SOURCE
Original cataloging agency Mx-PuUPA
Language of cataloging spa
Transcribing agency Mx-PuUPA
Modifying agency Mx-PuUPA
Description conventions rda
041 1# - LANGUAGE CODE
Language code of text/sound track or separate title spa
Language code of original fre
100 1# - MAIN ENTRY--PERSONAL NAME
Personal name Verneaux, Roger,
Dates associated with a name 1906-1997,
Relator term autor
9 (RLIN) 6335
240 10 - UNIFORM TITLE
Uniform title Epistémologie générale ou critique de la connissance.
Language of a work Español
245 10 - TITLE STATEMENT
Title Epistemología general o crítica del conocimiento /
Statement of responsibility, etc. Roger Verneaux ; versión castellana de Luisa Medrano
250 ## - EDITION STATEMENT
Edition statement Novena edición
264 #1 - PRODUCTION, PUBLICATION, DISTRIBUTION, MANUFACTURE, AND COPYRIGHT NOTICE
Place of production, publication, distribution, manufacture Barcelona :
Name of producer, publisher, distributor, manufacturer Enpresa Editorial Herder,
Date of production, publication, distribution, manufacture, or copyright notice 1994
300 ## - PHYSICAL DESCRIPTION
Extent 248 páginas ;
Dimensions 22 cm
336 ## - CONTENT TYPE
Content type term texto
Fuente rdacontent
Content type code txt
337 ## - MEDIA TYPE
Media type term sin medio
Source rdamedia
Media type code n
338 ## - CARRIER TYPE
Carrier type term volumen
Source rdacarrier
Carrier type code nc
500 ## - GENERAL NOTE
General note "Curso de filosofía Tomista".-- Cubierta
650 #7 - SUBJECT ADDED ENTRY--TOPICAL TERM
Source of heading or term armarc
Topical term or geographic name entry element Epistemología
650 #7 - SUBJECT ADDED ENTRY--TOPICAL TERM
Source of heading or term armarc
Topical term or geographic name entry element Teoría del conocimiento
650 #7 - SUBJECT ADDED ENTRY--TOPICAL TERM
Source of heading or term armarc
Topical term or geographic name entry element Filosofía
700 1# - ADDED ENTRY--PERSONAL NAME
Personal name Medrano, Luisa,
Relator term traductor
765 0# - ORIGINAL LANGUAGE ENTRY
Main entry heading Verneaux, Roger, 1906-1997
Title Epistémologie générale ou critique de la connissance.
Edition París : Beauchesne et ses fils, 1959
942 ## - ADDED ENTRY ELEMENTS (KOHA)
Source of classification or shelving scheme Dewey Decimal Classification
Koha item type Libro
Classification part 121
Item part V4718
Existencias
Withdrawn status Lost status Source of classification or shelving scheme Damaged status Not for loan Collection code Home library Current library Shelving location Date acquired Source of acquisition Total Checkouts Full call number Barcode Date last seen Price effective from Koha item type Date last checked out
    Dewey Decimal Classification     General Biblioteca Karol Wojtyla Biblioteca Karol Wojtyla Sala general 03/12/2013 Compra   121 V4718 1994 45983 05/01/2026 03/12/2013 Libro  
    Dewey Decimal Classification     General Tehuacán Tehuacán Sala general 03/12/2013 Compra   104.38 VER 1989 505145 08/01/2025 29/11/2016 Libro  
    Dewey Decimal Classification     General Tehuacán Tehuacán Sala general 03/12/2013 Compra 4 121 VER 505314 08/01/2025 03/12/2013 Libro 09/08/2024